00651nam a2200181 a 4500001001500000005001700015008004100032020003300073020003600106100001900142245006000161250001200221260003500233300001100268856008200279999001500361952009300376ASIN969806408720140515025457.0140514s1991 xxu eng d a9698064087 (unknown binding) a9789698064082 (unknown binding)1 aKausar, Wasim.14aThe enigma of opiate abuse in pakistan /cWasim Kausar. a1st ed. a[S.l.] :bNaeem Khalid,c1991. a170 p.403Amazon.comuhttp://www.amazon.com/exec/obidos/ASIN/9698064087/chopaconline-20 c3221d3221 00104070aQUESTCLbQUESTCLd2014-05-15g200.00l0oKAUp16876r2014-05-15 00:00:00yBK